000 00842nam a2200241 i 4500
001 bg
100 1 _aLICHOŁAI, Lech
245 1 0 _aMateriały budowlane i ich badania laboratoryjne /
_cLech Lichołai, Artur Szalacha.
260 _aRzeszów :
_bOficyna Wydawnicza Politechniki Rzeszowskiej,
_c2000.
300 _a362 s. :
_bfot., rys. ;
_c24 cm.
504 _aBibliogr.i wykaz norm s. 337-350.
521 _aDla studentów Wydziału Budownictwa i Inżynierii Środowiska do wykładów i ćwiczeń z przedmiotu "materiały budowlane".
650 9 _aMateriały budowlane
_xbadanie
655 _aPodręczniki akademickie
700 1 _aSZALACHA, Artur
020 _a8371991614
040 _cBPK
041 0 _apl
080 _a691.001.5(075.8)
920 _a83-7199-161-4
942 _cKS
008 s pl f |000 0 pol
999 _c39631
_d39631
856 _uhttp://koha.tu.koszalin.pl/cgi-bin/koha/opac-detail.pl?biblionumber=39631
_yKatalog online BPK